000 00379nam a2200157 a 4500
001 19038
005 20180713212429.0
008 140415s1947 000 0 spa d
041 _aspa
082 _a863
_bSHE
100 1 _aSHELLABARGER, SAMUEL
245 1 3 _aEL CAPITAN DE CASTILLA
260 _a[s.l.] :
_bDIANA,
_c1947
300 _a325
650 1 4 _aNOVELA
999 _c19038
_d19038